| 000 | 00612nam a2200205 ar4500 | ||
|---|---|---|---|
| 001 | 1806 | ||
| 005 | 20221127090307.0 | ||
| 008 | 100306s xxua 00110|eng d | ||
| 020 |
_a0135078199(pbk) : _cSR209.00 |
||
| 082 | 0 | 4 |
_a658.4013 _bF817 2010 |
| 100 | 1 | _aFoster, S. Thomas. | |
| 245 | 1 | 0 |
_aManaging quality : _bintegrating the supply chain / _cS. Thomas Foster. |
| 250 | _a4th ed. | ||
| 260 |
_aBoston, Mass. : _bPearson, _c2010. |
||
| 300 |
_a545 p. : _bill. ; _c25 cm. |
||
| 500 | _aIncludes index. | ||
| 650 | 4 | _aQuality control. | |
| 650 | 4 | _aTotal quality management. | |
| 650 | 4 | _aMaterials management. | |
| 999 |
_c1804 _d1804 |
||